Score 0/40 Timer 06:00
2 Plays Today
Rank Club % Correct
England - Premier LeagueManchester United
99.4%
England - Premier LeagueArsenal
98.8%
England - Premier LeagueChelsea
98.3%
England - Premier LeagueLiverpool
98.1%
Germany - BundesligaBayern München
97.7%
Spain - La LigaBarcelona
97.5%
Spain - La LigaReal Madrid
97.5%
Italy - Serie AJuventus
96.6%
Italy - Serie AMilan
96.6%
Germany - BundesligaBorussia Dortmund
96.1%
Italy - Serie AInternazionale
96.1%
England - Premier LeagueTottenham Hotspur
95.3%
England - Premier LeagueEverton
93.8%
England - Premier LeagueManchester City
93.5%
Italy - Serie ARoma
91.9%
Spain - La LigaAtlético Madrid
91.7%
Spain - La LigaValencia
91.5%
England - Premier LeagueNewcastle United
84.8%
Italy - Serie ALazio
84.7%
Spain - La LigaSevilla
83.5%
Rank Club % Correct
Italy - Serie ANapoli
83.2%
Germany - BundesligaSchalke 04
81%
England - Premier LeagueAston Villa
80.3%
Germany - BundesligaBayer Leverkusen
78.5%
England - Premier LeagueWest Ham United
73.6%
Spain - La LigaAthletic Bilbao
73.4%
Italy - Serie AFiorentina
73.2%
Germany - BundesligaHamburger SV
69.6%
Germany - BundesligaWerder Bremen
68.8%
Spain - La LigaDeportivo
60.7%
Spain - La LigaReal Betis
60%
Germany - BundesligaVfB Stuttgart
59.6%
Italy - Serie ASampdoria
58.5%
Italy - Serie AParma
58.1%
Italy - Serie AUdinese
53%
Spain - La LigaReal Sociedad
52.9%
Germany - BundesligaB. Mönchengladbach
50.9%
Germany - BundesligaHertha BSC
48.3%
Germany - BundesligaEintracht Frankfurt
47.3%
Spain - La LigaEspanyol
47.1%
Remove Ads.
Support Sporcle.
Get the best of Sporcle when you Go Orange. This ad-free experience offers more features, more stats, and more fun while also helping to support Sporcle. Thank you for becoming a member.

You're not logged in!

Compare scores with friends on all Sporcle quizzes.
OR
Log In

Sporcle TV

Today on Sporcle TV


Watch our educational content, quiz creation guides, and fun videos on Sporcle TV.

Show Comments

Extras

Top Quizzes Today


Score Distribution

Paid Content

Your Account Isn't Verified!

In order to create a playlist on Sporcle, you need to verify the email address you used during registration. Go to your Sporcle Settings to finish the process.

Report this User

Report this user for behavior that violates our Community Guidelines.

Details: